Le titre est dans les paroles - Pierre de Maere - Statistiques

Statistiques générales
  • Ce quiz a été pris 24 fois
  • Le résultat moyen est 4 sur 11
Statistiques - réponses
Réponse % Correct
Docteur, {un} {jour} {je} {marierai} {un} {ange}On fera l'amour dans les nuages
100%
Et dans mon film, on est si beauRegardez-nous jouer les {Roméo}
55%
{Mercredi}, je crois aux fantômesAux fées aussi
55%
Je serre les dents, je crains {les} {oiseaux}Qui tombent du ciel et qui dévorent les innocents
40%
{Jour} {-3} avant l'amour fouJ'écris déjà l'histoire dans ma tête
35%
{Regarde-moi} dans tes yeuxFais-moi la cour comme à tes amoureux
30%
{J'aime}, {j'aime}, j'aime quand tu criesQuand tu cries mon nom dans tout Paris
25%
{Évidemment} que j'y croisMon coeur ne s'achète pas
20%
I like Jesus very muchBut you know I do prefer {Judas}
20%
{J'aime} {ta} {violence} qui trace dans mes veinesJe suis le plus fort depuis que nous sommes amis
20%
{Ta} {mère} {est} {folle} évidemmentN'y connait rien aux sentiments
20%
Aucun quiz correspondant
Distribution des résultats
% des personnes avec chaque résultat
Percentile par nombre de réponses
Votre historique - résultats
Vous n’avez pas pris ce quiz